<?xml version="1.0" encoding="UTF-8"?>
<record
    xmlns:xsi="http://www.w3.org/2001/XMLSchema-instance"
    xsi:schemaLocation="http://www.loc.gov/MARC21/slim http://www.loc.gov/standards/marcxml/schema/MARC21slim.xsd"
    xmlns="http://www.loc.gov/MARC21/slim">

  <leader>00633nam a2200217 a 4500</leader>
  <controlfield tag="001">31307</controlfield>
  <controlfield tag="003">BD-RjUL</controlfield>
  <controlfield tag="005">20211209051702.0</controlfield>
  <controlfield tag="008">181218s1912    enk           000 0      </controlfield>
  <datafield tag="035" ind1=" " ind2=" ">
    <subfield code="a">CD-0000891957</subfield>
  </datafield>
  <datafield tag="040" ind1=" " ind2=" ">
    <subfield code="a">BD-RjUL</subfield>
    <subfield code="b">eng</subfield>
    <subfield code="c">BD-RjUL</subfield>
    <subfield code="d">BD-RjUL</subfield>
  </datafield>
  <datafield tag="041" ind1=" " ind2=" ">
    <subfield code="a">eng</subfield>
  </datafield>
  <datafield tag="082" ind1=" " ind2=" ">
    <subfield code="2">23</subfield>
    <subfield code="a">297.63</subfield>
    <subfield code="b">TOM 1912</subfield>
  </datafield>
  <datafield tag="100" ind1="1" ind2=" ">
    <subfield code="a">Townsend, Meredith </subfield>
    <subfield code="9">226198</subfield>
  </datafield>
  <datafield tag="245" ind1="1" ind2="0">
    <subfield code="a">Mahommed :</subfield>
    <subfield code="b">'the great Arabian'.</subfield>
    <subfield code="c">by Meredith Townsend</subfield>
  </datafield>
  <datafield tag="260" ind1=" " ind2=" ">
    <subfield code="a">Boston: </subfield>
    <subfield code="b">Houghton Mifflin Co. ,</subfield>
    <subfield code="c">1912</subfield>
  </datafield>
  <datafield tag="300" ind1=" " ind2=" ">
    <subfield code="a">85, [1] p ;</subfield>
    <subfield code="c">cm.16</subfield>
  </datafield>
  <datafield tag="600" ind1=" " ind2=" ">
    <subfield code="a">Mohammad</subfield>
    <subfield code="c">Messenger of Go</subfield>
    <subfield code="x">Biography</subfield>
    <subfield code="9">226199</subfield>
  </datafield>
  <datafield tag="690" ind1="0" ind2="0">
    <subfield code="a">Theology</subfield>
    <subfield code="9">226200</subfield>
  </datafield>
  <datafield tag="942" ind1=" " ind2=" ">
    <subfield code="2">ddc</subfield>
    <subfield code="c">RAR</subfield>
  </datafield>
  <datafield tag="999" ind1=" " ind2=" ">
    <subfield code="c">31307</subfield>
    <subfield code="d">31307</subfield>
  </datafield>
  <datafield tag="952" ind1=" " ind2=" ">
    <subfield code="0">0</subfield>
    <subfield code="1">0</subfield>
    <subfield code="2">ddc</subfield>
    <subfield code="4">0</subfield>
    <subfield code="7">1</subfield>
    <subfield code="8">RARE</subfield>
    <subfield code="a">RUCL</subfield>
    <subfield code="b">RUCL</subfield>
    <subfield code="c">Rare</subfield>
    <subfield code="d">1966-11-24</subfield>
    <subfield code="e">A. I. Quraishi</subfield>
    <subfield code="g">7.20</subfield>
    <subfield code="l">0</subfield>
    <subfield code="o">RA 297.63 TOM 1912</subfield>
    <subfield code="r">2018-12-18 00:00:00</subfield>
    <subfield code="t">C-1</subfield>
    <subfield code="w">2018-12-18</subfield>
    <subfield code="y">RAR</subfield>
  </datafield>
</record>
